[Event "CAN-op U1600 (Pinnacle 48th CAN Op Ch)"]
[Site "Toronto CAN"]
[Date "2011.07.13"]
[Round "5"]
[White "Blium, Benjamin"]
[Black "Doknjas, Joshua"]
[Result "1/2-1/2"]
[WhiteElo "1382"]
[BlackElo "1502"]
[PlyCount "87"]
[GameId "2160767909707632"]
[EventDate "2011.07.09"]
[EventType "swiss"]
[EventRounds "9"]
[EventCountry "CAN"]
[SourceTitle "hb 2011"]

1. e4 c5 2. Nf3 d6 3. d4 cxd4 4. Nxd4 Nf6 5. Nc3 a6 6. Be3 e5 7. Nf3 Be7 8. Be2 O-O 9. O-O h6 10. h3 Be6 11. Nh2 b5 12. a3 Nbd7 13. f4 Qc7 14. Bf3 Bc4 15. Re1 Rfd8 16. Qd2 Nc5 17. Qf2 Rab8 18. b3 Be6 19. f5 Bc8 20. b4 Ncd7 21. Nd1 Nb6 22. Nb2 d5 23. Bxb6 Qxb6 24. Qxb6 Rxb6 25. exd5 Nxd5 26. Rxe5 Bf6 27. Rxd5 Rxd5 28. Bxd5 Bxb2 29. Re1 Kf8 30. g4 Rd6 31. c4 bxc4 32. Bxc4 Bxa3 33. b5 axb5 34. Bxb5 Bd7 35. Bxd7 Rxd7 36. Nf3 Re7 37. Rxe7 Kxe7 38. Kg2 Kf6 39. Nd2 Bd6 40. Kf3 Ke5 41. Nc4+ Kd5 42. Nxd6 Kxd6 43. Ke4 f6 44. Kd4 1/2-1/2

[Event "CAN-op U1600 (Pinnacle 48th CAN Op Ch)"]
[Site "Toronto CAN"]
[Date "2011.07.13"]
[Round "5"]
[White "Brown, John R"]
[Black "Molev, Daniel"]
[Result "1-0"]
[WhiteElo "1561"]
[BlackElo "1372"]
[PlyCount "28"]
[GameId "2160767909707633"]
[EventDate "2011.07.09"]
[EventType "swiss"]
[EventRounds "9"]
[EventCountry "CAN"]

1. d4 Nf6 2. Nc3 e6 3. e4 Bb4 4. Bd3 d5 5. f3 c5 6. Nge2 dxe4 7. fxe4 cxd4 8. Nxd4 Bxc3+ 9. bxc3 Nxe4 10. Qg4 Nf6 11. Qg3 Nh5 12. Qf3 g6 13. O-O f5 14. Bb5+ Kf7 1-0

[Event "CAN-op U1600 (Pinnacle 48th CAN Op Ch)"]
[Site "Toronto CAN"]
[Date "2011.07.13"]
[Round "5"]
[White "Cabioc, Jose"]
[Black "Milicevic, Aleksandra"]
[Result "1-0"]
[WhiteElo "1538"]
[BlackElo "1245"]
[PlyCount "59"]
[GameId "2160767909707634"]
[EventDate "2011.07.09"]
[EventType "swiss"]
[EventRounds "9"]
[EventCountry "CAN"]
[SourceTitle "EXT 2022"]
[Source "ChessBase"]
[SourceDate "2021.10.06"]
[SourceVersion "1"]
[SourceVersionDate "2021.10.06"]
[SourceQuality "1"]

1. e4 c5 2. Nf3 Nc6 3. d4 cxd4 4. Nxd4 g6 5. Nc3 Bg7 6. Be3 Nf6 7. Bc4 O-O 8. Bb3 d6 9. f3 Qb6 10. Nf5 Qc7 11. Nxg7 Kxg7 12. Qd2 Kg8 13. O-O-O a6 14. g4 Ne5 15. Rhf1 Nc4 16. Bxc4 Qxc4 17. Kb1 Be6 18. h4 b5 19. h5 b4 20. Nd5 Bxd5 21. exd5 a5 22. hxg6 hxg6 23. Rh1 Kg7 24. Bh6+ Kg8 25. Bxf8 Rxf8 26. Qh6 Nh5 27. gxh5 Rc8 28. hxg6 Qxc2+ 29. Ka1 Qxg6 30. Qh8# 1-0

[Event "CAN-op U1600 (Pinnacle 48th CAN Op Ch)"]
[Site "Toronto CAN"]
[Date "2011.07.13"]
[Round "5"]
[White "Cui, Gordon"]
[Black "Yie, Kevin Yi Xiao"]
[Result "1-0"]
[WhiteElo "1303"]
[BlackElo "1431"]
[PlyCount "49"]
[GameId "2160767909707635"]
[EventDate "2011.07.09"]
[EventType "swiss"]
[EventRounds "9"]
[EventCountry "CAN"]
[SourceTitle "EXT 2022"]
[Source "ChessBase"]
[SourceDate "2021.10.06"]
[SourceVersion "1"]
[SourceVersionDate "2021.10.06"]
[SourceQuality "1"]

1. e4 e5 2. Nf3 Nc6 3. Bc4 Nf6 4. d4 exd4 5. O-O d5 6. exd5 Nxd5 7. Nxd4 Nxd4 8. Qxd4 Be6 9. Rd1 c6 10. Qe4 Be7 11. Nc3 Nxc3 12. Rxd8+ Rxd8 13. bxc3 Bxc4 14. Ba3 Be6 15. Bxe7 Kxe7 16. Qe2 Rhe8 17. Rd1 Rxd1+ 18. Qxd1 Rd8 19. Qe2 Kf8 20. h3 Bxa2 21. Qe1 Be6 22. c4 Kg8 23. Qa5 Ra8 24. Qc7 Bc8 25. Qd8# 1-0

[Event "CAN-op U1600 (Pinnacle 48th CAN Op Ch)"]
[Site "Toronto CAN"]
[Date "2011.07.13"]
[Round "5"]
[White "Danti, Jessica"]
[Black "Maguire, Jack"]
[Result "0-1"]
[WhiteElo "1399"]
[BlackElo "1575"]
[PlyCount "74"]
[GameId "2160767909707636"]
[EventDate "2011.07.09"]
[EventType "swiss"]
[EventRounds "9"]
[EventCountry "CAN"]
[SourceTitle "hb 2011"]

1. d4 Nf6 2. c4 e5 3. dxe5 Ng4 4. Nf3 Bc5 5. e3 Nc6 6. Qd5 Qe7 7. Nc3 Ngxe5 8. Nxe5 Nxe5 9. Be2 O-O 10. O-O c6 11. Qe4 Re8 12. a3 a5 13. b3 d6 14. Na4 Ba7 15. b4 Bd7 16. Nc3 Qf6 17. Qc2 axb4 18. Ne4 Qg6 19. Bd3 Nxd3 20. Qxd3 Qxe4 21. Qxd6 Be6 22. axb4 Qxc4 23. Bb2 Qg4 24. h3 Qg5 25. Kh1 Bd5 26. Rg1 Qh5 27. Qg3 f6 28. e4 Bb8 29. Qe3 Rxa1 30. Rxa1 Bxe4 31. f3 Bd5 32. Qb6 Bxf3 33. Qf2 Qxh3+ 34. Kg1 Bh2+ 35. Kf1 Bxg2+ 36. Qxg2 Qd3+ 37. Kf2 Qe2# 0-1

[Event "CAN-op U1600 (Pinnacle 48th CAN Op Ch)"]
[Site "Toronto CAN"]
[Date "2011.07.13"]
[Round "5"]
[White "Law, James"]
[Black "Cvetkovic, Milan"]
[Result "1-0"]
[WhiteElo "1462"]
[BlackElo "1208"]
[PlyCount "39"]
[GameId "2160767909707639"]
[EventDate "2011.07.09"]
[EventType "swiss"]
[EventRounds "9"]
[EventCountry "CAN"]
[SourceTitle "hb 2011"]

1. c4 Nf6 2. Nf3 e6 3. Nc3 Bb4 4. a3 Bxc3 5. bxc3 c5 6. g3 Nc6 7. Bg2 Rb8 8. d3 b6 9. O-O Bb7 10. Bf4 d6 11. Qd2 h6 12. Rab1 e5 13. Be3 O-O 14. Nh4 Ng4 15. f4 Nxe3 16. Qxe3 exf4 17. Qf2 fxg3 18. Qxg3 Qe7 19. Nf5 Qe6 20. Qxg7# 1-0

[Event "CAN-op U1600 (Pinnacle 48th CAN Op Ch)"]
[Site "Toronto CAN"]
[Date "2011.07.13"]
[Round "5"]
[White "Lean, Nathan"]
[Black "Li, Robert"]
[Result "0-1"]
[WhiteElo "1515"]
[BlackElo "1347"]
[PlyCount "78"]
[GameId "2160767909707640"]
[EventDate "2011.07.09"]
[EventType "swiss"]
[EventRounds "9"]
[EventCountry "CAN"]
[SourceTitle "hb 2011"]

1. e4 e5 2. Nf3 Nc6 3. Bb5 a6 4. Bxc6 dxc6 5. Nc3 Bd6 6. d4 Bg4 7. dxe5 Bxf3 8. Qxf3 Bxe5 9. Bf4 Qe7 10. O-O Nf6 11. Rad1 O-O 12. Bxe5 Qxe5 13. Rd3 Rad8 14. Rfd1 Rxd3 15. Qxd3 Re8 16. Qc4 g6 17. f3 h5 18. Qb4 Rb8 19. Ne2 a5 20. Qd4 Qxd4+ 21. Rxd4 Re8 22. Ra4 Re5 23. Rd4 Kf8 24. Nc1 Ke7 25. Nb3 g5 26. h3 g4 27. hxg4 hxg4 28. Kf2 c5 29. Rd1 c4 30. Nd2 Rc5 31. c3 b5 32. Ke2 gxf3+ 33. gxf3 Ke6 34. Ke3 Rh5 35. Rf1 Rh2 36. Rf2 Rh1 37. Rf1 Rh3 38. Kd4 Nd7 39. f4 Rd3# 0-1

[Event "CAN-op U1600 (Pinnacle 48th CAN Op Ch)"]
[Site "Toronto CAN"]
[Date "2011.07.13"]
[Round "5"]
[White "Michelashvili, Alexandre"]
[Black "Smith, Maurice"]
[Result "1/2-1/2"]
[WhiteElo "1453"]
[BlackElo "1588"]
[PlyCount "70"]
[GameId "2160767909707641"]
[EventDate "2011.07.09"]
[EventType "swiss"]
[EventRounds "9"]
[EventCountry "CAN"]
[SourceTitle "hb 2011"]

1. e4 c5 2. Nf3 d6 3. d4 cxd4 4. Nxd4 Nf6 5. Nc3 g6 6. Be2 Bg7 7. O-O O-O 8. Be3 Bd7 9. Qd2 Re8 10. Bh6 Bh8 11. f3 Nc6 12. Be3 Rc8 13. Rad1 a6 14. Nxc6 Bxc6 15. Rfe1 Qc7 16. Bd4 b5 17. Bd3 Bb7 18. Qf2 Bg7 19. e5 dxe5 20. Bxe5 Ng4 21. Bxc7 Nxf2 22. Kxf2 Rxc7 23. Ne4 Bxe4 24. Rxe4 Bxb2 25. a4 Rd8 26. axb5 axb5 27. Rb1 Bd4+ 28. Kf1 e6 29. Rxb5 Bg7 30. Reb4 Rcd7 31. Rb8 Bc3 32. Rxd8+ Rxd8 33. Rb3 Be5 34. h3 Ra8 35. Rb1 Rd8 1/2-1/2

[Event "CAN-op U1600 (Pinnacle 48th CAN Op Ch)"]
[Site "Toronto CAN"]
[Date "2011.07.13"]
[Round "5"]
[White "Milicevic, Ljudmila"]
[Black "Abbarin, Shabnam"]
[Result "1-0"]
[WhiteElo "1048"]
[BlackElo "1474"]
[PlyCount "41"]
[GameId "2160767909707642"]
[EventDate "2011.07.09"]
[EventType "swiss"]
[EventRounds "9"]
[EventCountry "CAN"]
[SourceTitle "hb 2011"]

1. e4 c5 2. Nf3 d6 3. d4 cxd4 4. Nxd4 Nf6 5. Nc3 a6 6. Bd3 Bd7 7. Be3 Nc6 8. Nxc6 Bxc6 9. f3 e6 10. Qd2 Be7 11. Qf2 Nd7 12. O-O b5 13. a3 Qc7 14. Bf4 O-O 15. e5 Nxe5 16. Qg3 Ng6 17. Bg5 Rad8 18. Bxe7 Nxe7 19. Rae1 d5 20. Qxc7 Rd7 21. Qg3 1-0

[Event "CAN-op U1600 (Pinnacle 48th CAN Op Ch)"]
[Site "Toronto CAN"]
[Date "2011.07.13"]
[Round "5"]
[White "Muntaner, Daniel"]
[Black "Dattani, Dinesh"]
[Result "1-0"]
[WhiteElo "1252"]
[BlackElo "1379"]
[PlyCount "33"]
[GameId "2160767909707643"]
[EventDate "2011.07.09"]
[EventType "swiss"]
[EventRounds "9"]
[EventCountry "CAN"]
[SourceTitle "hb 2011"]

1. e4 e5 2. Nf3 Nc6 3. Bc4 Nf6 4. Nc3 Bc5 5. d3 d6 6. O-O O-O 7. Be3 b6 8. d4 Bb4 9. dxe5 Bxc3 10. exf6 Qxf6 11. Bg5 Qg6 12. bxc3 Qxe4 13. Bd3 Qa4 14. Nd4 Nxd4 15. cxd4 d5 16. c4 Bd7 17. Qh5 1-0

[Event "CAN-op U1600 (Pinnacle 48th CAN Op Ch)"]
[Site "Toronto CAN"]
[Date "2011.07.13"]
[Round "5"]
[White "Noritsyn, Sergey"]
[Black "Gomes, Michael"]
[Result "1-0"]
[WhiteElo "1491"]
[BlackElo "1042"]
[PlyCount "104"]
[GameId "2160767909707644"]
[EventDate "2011.07.09"]
[EventType "swiss"]
[EventRounds "9"]
[EventCountry "CAN"]
[SourceTitle "hb 2011"]

1. b3 d5 2. e3 c5 3. Bb2 Nc6 4. Bb5 Nf6 5. Nf3 a6 6. Bxc6+ bxc6 7. d3 Bf5 8. Nbd2 e6 9. O-O Bd6 10. Qe2 Qc7 11. e4 dxe4 12. dxe4 Bg4 13. e5 Nh5 14. exd6 Qxd6 15. Nc4 Qe7 16. Qe4 Bxf3 17. Qxf3 Qg5 18. Qxc6+ Ke7 19. Qd6+ Ke8 20. Ne5 Qd8 21. Qc6+ Kf8 22. Rad1 Qe8 23. Qxc5+ Kg8 24. Nc6 h6 25. Ba3 Kh7 26. Qxh5 Qxc6 27. Qxf7 Qxc2 28. Qxe6 Rhe8 29. Qg4 Qxa2 30. Rd7 Rg8 31. Qf5+ Kh8 32. Bc1 Rgf8 33. Qd3 Rf6 34. Rd8+ Rf8 35. Rxf8+ Rxf8 36. Qd4 Qxb3 37. Bxh6 Qb7 38. Bg5 Qb5 39. Qh4+ Kg8 40. Rc1 a5 41. Qc4+ Qxc4 42. Rxc4 Rb8 43. g3 Kf7 44. Ra4 Rb5 45. Bd2 Rd5 46. Bxa5 Ke6 47. Bc3 g5 48. Re4+ Kf5 49. Rd4 Rc5 50. g4+ Ke6 51. Re4+ Kd5 52. Re5+ Kc4 1-0

[Event "CAN-op U1600 (Pinnacle 48th CAN Op Ch)"]
[Site "Toronto CAN"]
[Date "2011.07.13"]
[Round "5"]
[White "Pancer, Jeff"]
[Black "Waugh, Jason"]
[Result "0-1"]
[WhiteElo "1256"]
[BlackElo "851"]
[PlyCount "58"]
[GameId "2160767909707645"]
[EventDate "2011.07.09"]
[EventType "swiss"]
[EventRounds "9"]
[EventCountry "CAN"]
[SourceTitle "hb 2011"]

1. h3 e5 2. a3 d5 3. d3 Nf6 4. e3 Nc6 5. g3 d4 6. e4 Bd6 7. Nd2 O-O 8. g4 Ne7 9. Ndf3 Ng6 10. g5 Nh5 11. h4 Bg4 12. b3 f6 13. Be2 fxg5 14. hxg5 Nhf4 15. Bxf4 Nxf4 16. Qd2 Nxe2 17. Qxe2 Qe8 18. Rh4 Bh5 19. Rh3 Qf7 20. b4 Bg4 21. Rg3 Qh5 22. b5 Rf4 23. a4 Raf8 24. O-O-O Bxf3 25. Rxf3 Rxf3 26. Nxf3 Qxf3 27. Qxf3 Rxf3 28. Rd2 Be7 29. g6 Bg5 0-1

[Event "CAN-op U1600 (Pinnacle 48th CAN Op Ch)"]
[Site "Toronto CAN"]
[Date "2011.07.13"]
[Round "5"]
[White "Sirkovich, Daniel"]
[Black "Yu, Stephen"]
[Result "1/2-1/2"]
[WhiteElo "1206"]
[BlackElo "1334"]
[PlyCount "101"]
[GameId "2160767909707647"]
[EventDate "2011.07.09"]
[EventType "swiss"]
[EventRounds "9"]
[EventCountry "CAN"]
[SourceTitle "EXT 2022"]
[Source "ChessBase"]
[SourceDate "2021.10.06"]
[SourceVersion "1"]
[SourceVersionDate "2021.10.06"]
[SourceQuality "1"]

1. e4 c5 2. Nf3 d6 3. d4 cxd4 4. Nxd4 Nf6 5. Nc3 a6 6. Be3 e5 7. Nf3 Qc7 8. Be2 Be6 9. Bd2 Be7 10. O-O O-O 11. Re1 b5 12. Bg5 Nbd7 13. Bxf6 Nxf6 14. Bf1 Rfd8 15. Nd5 Bxd5 16. exd5 Qc5 17. Bd3 h6 18. Be4 Rac8 19. c3 Nxe4 20. Rxe4 f5 21. Re2 g5 22. Qc2 Rf8 23. Nxe5 dxe5 24. Rxe5 Qd6 25. Rxf5 Rxf5 26. Qxf5 Rf8 27. Qd3 Qb6 28. Rf1 Qf6 29. f3 Bc5+ 30. Kh1 g4 31. b4 Ba7 32. c4 bxc4 33. Qxc4 h5 34. d6+ Kg7 35. Qxa6 Rf7 36. Qd3 Rd7 37. fxg4 Rxd6 38. Qf5 Qxf5 39. gxf5 Kf6 40. a4 Rd4 41. Rb1 Kxf5 42. a5 Rd2 43. b5 Ra2 44. a6 Bb6 45. h3 h4 46. Kh2 Kf4 47. Rb4+ Ke3 48. Rb3+ Kf2 49. Rb1 Bc7+ 50. Kh1 Bb6 51. Kh2 1/2-1/2

[Event "CAN-op U1600 (Pinnacle 48th CAN Op Ch)"]
[Site "Toronto CAN"]
[Date "2011.07.13"]
[Round "5"]
[White "Teram, Eli"]
[Black "Termeer, Ted"]
[Result "0-1"]
[WhiteElo "1213"]
[BlackElo "1403"]
[PlyCount "48"]
[GameId "2160767909707650"]
[EventDate "2011.07.09"]
[EventType "swiss"]
[EventRounds "9"]
[EventCountry "CAN"]
[SourceTitle "hb 2011"]

1. e4 c5 2. Nf3 d6 3. d4 cxd4 4. Nxd4 e5 5. Nf3 h6 6. Nc3 Be6 7. Nd5 Nf6 8. Nc3 Be7 9. Bd3 Nc6 10. a3 a6 11. h3 Nh7 12. Be3 Bg5 13. Qe2 Bxe3 14. Qxe3 Ng5 15. Nd5 Nxf3+ 16. Qxf3 Bxd5 17. exd5 Nd4 18. Qe4 Qa5+ 19. b4 Qc7 20. O-O Qc3 21. Rfe1 f5 22. Qe3 O-O 23. Qg3 e4 24. Qxd6 exd3 0-1

[Event "CAN-op U1600 (Pinnacle 48th CAN Op Ch)"]
[Site "Toronto CAN"]
[Date "2011.07.14"]
[Round "6"]
[White "Doknjas, John"]
[Black "Archibald, Colin"]
[Result "1-0"]
[WhiteElo "1502"]
[BlackElo "1376"]
[PlyCount "67"]
[GameId "2160767909707654"]
[EventDate "2011.07.09"]
[EventType "swiss"]
[EventRounds "9"]
[EventCountry "CAN"]
[SourceTitle "EXT 2022"]
[Source "ChessBase"]
[SourceDate "2021.10.06"]
[SourceVersion "1"]
[SourceVersionDate "2021.10.06"]
[SourceQuality "1"]

1. e4 g6 2. d4 b6 3. Nc3 Bg7 4. Nf3 Bb7 5. Bc4 h6 6. Be3 e6 7. d5 e5 8. d6 c6 9. a4 a6 10. a5 b5 11. Bb6 Qf6 12. Bb3 g5 13. g4 Qg6 14. Qd3 f6 15. O-O-O Bf8 16. Qe3 c5 17. Qxc5 Nc6 18. Nd5 Rc8 19. Nc7+ Rxc7 20. Bxc7 Qxe4 21. Nd2 Qd4 22. Qxd4 Nxd4 23. Rhe1 h5 24. h3 h4 25. Ne4 Bg7 26. Rxd4 Bxe4 27. Rdxe4 Nh6 28. c4 bxc4 29. Bxc4 Nf7 30. Bxa6 O-O 31. Bc4 Kh8 32. Bxf7 Rxf7 33. b4 Rf8 34. Kb2 1-0

[Event "CAN-op U1600 (Pinnacle 48th CAN Op Ch)"]
[Site "Toronto CAN"]
[Date "2011.07.14"]
[Round "6"]
[White "France, Kyle"]
[Black "Supol, George"]
[Result "0-1"]
[WhiteElo "1490"]
[BlackElo "1401"]
[PlyCount "130"]
[GameId "2160767909707655"]
[EventDate "2011.07.09"]
[EventType "swiss"]
[EventRounds "9"]
[EventCountry "CAN"]
[SourceTitle "EXT 2022"]
[Source "ChessBase"]
[SourceDate "2021.10.06"]
[SourceVersion "1"]
[SourceVersionDate "2021.10.06"]
[SourceQuality "1"]

1. f4 d5 2. b3 Nf6 3. Bb2 c5 4. Nf3 h6 5. e3 Nc6 6. Bb5 Bg4 7. O-O a6 8. Bxc6+ bxc6 9. d3 Qb6 10. Nbd2 c4 11. Qe1 Bxf3 12. Rxf3 cxd3 13. cxd3 e6 14. Qg3 Qb5 15. Bxf6 gxf6 16. d4 O-O-O 17. a4 Qa5 18. Rf2 f5 19. Qh4 Qc3 20. Re1 Bb4 21. Ree2 Qd3 22. Nf1 Qxb3 23. Rb2 Qxa4 24. Ra2 Qb5 25. Rfb2 a5 26. Qf6 Rh7 27. Nd2 Rg8 28. Nb3 Qd3 29. Kf2 Rhg7 30. g3 Qe4 31. Nd2 Bxd2 32. Rxd2 Qh1 33. Qh4 Rg4 34. Qh3 h5 35. Qg2 Qxg2+ 36. Kxg2 h4 37. Rxa5 Kd7 38. Ra7+ Kd6 39. Rxf7 hxg3 40. hxg3 Rxg3+ 41. Kf2 Rg2+ 42. Ke1 Rg1+ 43. Ke2 R8g2+ 44. Kd3 Rxd2+ 45. Kxd2 Ra1 46. Rb7 Ra4 47. Kc3 Rc4+ 48. Kd3 Ra4 49. Kc3 Ra5 50. Kb4 Ra1 51. Kc3 Ra3+ 52. Rb3 Ra5 53. Rb7 Ra3+ 54. Rb3 Rxb3+ 55. Kxb3 Kc7 56. Ka4 Kb6 57. Kb4 c5+ 58. dxc5+ Kc6 59. Kc3 Kxc5 60. Kd3 d4 61. exd4+ Kd5 62. Ke3 Kc4 63. Kf3 Kxd4 64. Kf2 Ke4 65. Kg3 Ke3 0-1

[Event "CAN-op U1600 (Pinnacle 48th CAN Op Ch)"]
[Site "Toronto CAN"]
[Date "2011.07.14"]
[Round "6"]
[White "Gomes, Michael"]
[Black "Danti, Jessica"]
[Result "1-0"]
[WhiteElo "1042"]
[BlackElo "1399"]
[PlyCount "85"]
[GameId "2160767909707656"]
[EventDate "2011.07.09"]
[EventType "swiss"]
[EventRounds "9"]
[EventCountry "CAN"]
[SourceTitle "EXT 2022"]
[Source "ChessBase"]
[SourceDate "2021.10.06"]
[SourceVersion "1"]
[SourceVersionDate "2021.10.06"]
[SourceQuality "1"]

1. d4 d5 2. c4 e6 3. Bf4 Nf6 4. Nc3 Bb4 5. a3 Bxc3+ 6. bxc3 Nbd7 7. Nf3 c5 8. e3 Ne4 9. Qc2 cxd4 10. cxd4 Qa5+ 11. Nd2 Ndf6 12. f3 Nxd2 13. Qxd2 Qa4 14. cxd5 Nxd5 15. Bd6 Qc6 16. Be5 O-O 17. Rc1 Qa4 18. Bd3 Bd7 19. h4 Rac8 20. Rxc8 Rxc8 21. h5 Qxa3 22. Kf2 Rc3 23. Ke2 Nb4 24. Bb1 Bb5+ 25. Kf2 Bd3 26. d5 Bxb1 27. Bxc3 Nd3+ 28. Ke2 Qb3 29. Rxb1 Qxb1 30. Qxd3 Qg1 31. dxe6 Qxg2+ 32. Ke1 Qg1+ 33. Kd2 Qh2+ 34. Kc1 Qc7 35. exf7+ Kxf7 36. Qd4 Ke8 37. Qxg7 Qd6 38. Qe5+ Kd7 39. Qxd6+ Kxd6 40. e4 Ke6 41. Kd2 b6 42. Kd3 a5 43. Kc4 1-0

[Event "CAN-op U1600 (Pinnacle 48th CAN Op Ch)"]
[Site "Toronto CAN"]
[Date "2011.07.14"]
[Round "6"]
[White "Li, Robert"]
[Black "Tismenko, Dennis"]
[Result "0-1"]
[WhiteElo "1347"]
[BlackElo "1496"]
[PlyCount "134"]
[GameId "2160767909707657"]
[EventDate "2011.07.09"]
[EventType "swiss"]
[EventRounds "9"]
[EventCountry "CAN"]
[SourceTitle "EXT 2022"]
[Source "ChessBase"]
[SourceDate "2021.10.06"]
[SourceVersion "1"]
[SourceVersionDate "2021.10.06"]
[SourceQuality "1"]

1. e4 c5 2. Nc3 Nc6 3. f4 g6 4. Nf3 d6 5. Bc4 e6 6. O-O Bg7 7. d3 Nge7 8. Be3 d5 9. exd5 exd5 10. Bxc5 dxc4 11. Re1 O-O 12. dxc4 Be6 13. Nd5 Re8 14. Nxe7+ Nxe7 15. Ng5 Nc6 16. Nxe6 Rxe6 17. Rxe6 fxe6 18. Qg4 Bd4+ 19. Bxd4 Qxd4+ 20. Kh1 Qxc4 21. b3 Qd5 22. c4 Qf5 23. Qe2 Re8 24. Rf1 e5 25. fxe5 Rxe5 26. Qd1 Qe6 27. Kg1 Re2 28. a3 Qe4 29. Qd5+ Qxd5 30. cxd5 Nd8 31. Rd1 Re7 32. Rd4 Rd7 33. Kf2 Nc6 34. Rd2 Ne7 35. Re2 Kf7 36. Ke3 Nxd5+ 37. Kf3 Re7 38. Rd2 Re3+ 39. Kf2 Re5 40. Kf3 Nf6 41. Rd1 Rd5 42. Rb1 Rd3+ 43. Ke2 Rc3 44. Kd2 Nd5 45. Rf1+ Kg7 46. Rb1 Re3 47. a4 b5 48. axb5 Re2+ 49. Kxe2 Nc3+ 50. Kd3 Nxb1 51. Kc4 Nd2+ 52. Kb4 Kf6 53. Ka4 Ke6 54. b4 Nc4 55. Kb3 Kd5 56. Ka4 Kd4 57. g3 Ke4 58. b6 axb6 59. Kb5 Ne3 60. Kxb6 Nd5+ 61. Kc5 Nxb4 62. Kxb4 Ke3 63. Kc3 Kf3 64. h4 Kxg3 65. h5 gxh5 66. Kd3 h4 67. Ke2 Kg2 0-1

[Event "CAN-op U1600 (Pinnacle 48th CAN Op Ch)"]
[Site "Toronto CAN"]
[Date "2011.07.14"]
[Round "6"]
[White "McRoberts, Julian"]
[Black "Milicevic, Ljudmila"]
[Result "1-0"]
[WhiteElo "1492"]
[BlackElo "1048"]
[PlyCount "105"]
[GameId "2160767909707659"]
[EventDate "2011.07.09"]
[EventType "swiss"]
[EventRounds "9"]
[EventCountry "CAN"]
[SourceTitle "EXT 2022"]
[Source "ChessBase"]
[SourceDate "2021.10.06"]
[SourceVersion "1"]
[SourceVersionDate "2021.10.06"]
[SourceQuality "1"]

1. e4 e5 2. Nf3 Nc6 3. d4 exd4 4. Nxd4 Qh4 5. Nxc6 Qxe4+ 6. Qe2 Qxe2+ 7. Bxe2 dxc6 8. Nc3 Bc5 9. Ne4 Bd6 10. Nxd6+ cxd6 11. Bf4 d5 12. c4 dxc4 13. Bxc4 Nf6 14. O-O O-O 15. Bd6 Re8 16. f3 Bd7 17. Rfe1 b5 18. Bb3 Be6 19. Bxe6 Rxe6 20. Rxe6 fxe6 21. a4 Re8 22. axb5 cxb5 23. Rxa7 Rd8 24. Be5 Rd5 25. f4 h6 26. Re7 Ne4 27. h3 Nc5 28. Rxg7+ Kf8 29. Rh7 Nd3 30. Rxh6 Kf7 31. Kh2 Nxe5 32. fxe5 Rxe5 33. Rh7+ Kg6 34. Rb7 Rd5 35. Rb6 Kf6 36. Kg3 Rg5+ 37. Kh2 Re5 38. h4 Kg6 39. Kg3 Kf6 40. Rb8 Kg7 41. Kf4 Rf5+ 42. Kg4 Re5 43. g3 Kf7 44. h5 Kg7 45. Kh4 Kh6 46. g4 Kg7 47. Kg3 Kh6 48. Kf4 Rd5 49. Rg8 Kh7 50. Rg6 Rd6 51. Ke5 Rb6 52. Rxe6 Rb7 53. Kf6 1-0

[Event "CAN-op U1600 (Pinnacle 48th CAN Op Ch)"]
[Site "Toronto CAN"]
[Date "2011.07.14"]
[Round "6"]
[White "Michelashvili, Alexandre"]
[Black "Noritsyn, Sergey"]
[Result "0-1"]
[WhiteElo "1453"]
[BlackElo "1491"]
[PlyCount "76"]
[GameId "2160767909707660"]
[EventDate "2011.07.09"]
[EventType "swiss"]
[EventRounds "9"]
[EventCountry "CAN"]
[SourceTitle "EXT 2022"]
[Source "ChessBase"]
[SourceDate "2021.10.06"]
[SourceVersion "1"]
[SourceVersionDate "2021.10.06"]
[SourceQuality "1"]

1. e4 b6 2. d4 Bb7 3. Nc3 e6 4. Nf3 Bb4 5. Bd3 Nf6 6. Bg5 h6 7. Bh4 g5 8. Nxg5 hxg5 9. Bxg5 Rg8 10. h4 Be7 11. Qf3 Nh7 12. Bxe7 Qxe7 13. g3 Nc6 14. Qe3 Qb4 15. O-O-O Qxd4 16. Qf4 Qe5 17. Qh6 Qg7 18. Qf4 O-O-O 19. Qd2 Ne5 20. Be2 Nf6 21. Qf4 Ng6 22. Qe3 d5 23. exd5 Nxd5 24. Nxd5 Bxd5 25. Bf3 Bxf3 26. Qxf3 Kb8 27. Rhe1 Ne7 28. Qa3 Nc6 29. Qa4 Qh6+ 30. Kb1 Qh5 31. g4 Qxg4 32. Rxd8+ Nxd8 33. Qd7 Qxh4 34. Rd1 Qxf2 35. Qe7 Nb7 36. a3 Nc5 37. b4 Na4 38. Rd7 Rg1+ 0-1

[Event "CAN-op U1600 (Pinnacle 48th CAN Op Ch)"]
[Site "Toronto CAN"]
[Date "2011.07.14"]
[Round "6"]
[White "Smith, Maurice"]
[Black "Karpik, Steve"]
[Result "1/2-1/2"]
[WhiteElo "1588"]
[BlackElo "1482"]
[PlyCount "90"]
[GameId "2160767909707662"]
[EventDate "2011.07.09"]
[EventType "swiss"]
[EventRounds "9"]
[EventCountry "CAN"]
[SourceTitle "EXT 2022"]
[Source "ChessBase"]
[SourceDate "2021.10.06"]
[SourceVersion "1"]
[SourceVersionDate "2021.10.06"]
[SourceQuality "1"]

1. d4 Nf6 2. c4 d6 3. Nc3 g6 4. e4 Bg7 5. Nf3 O-O 6. Be2 a6 7. O-O Nbd7 8. Bg5 c5 9. Qd2 b6 10. h3 Bb7 11. d5 Qc7 12. Bh6 Rab8 13. Bxg7 Kxg7 14. b3 Rfe8 15. Bd3 e5 16. Nh2 Bc8 17. Rae1 Nh5 18. Ne2 b5 19. f4 exf4 20. Nxf4 Nxf4 21. Qxf4 Ne5 22. Qf6+ Kg8 23. Be2 Qe7 24. Qxe7 Rxe7 25. Rf6 Rb6 26. Nf3 Kg7 27. Rf4 Nxf3+ 28. Rxf3 Rxe4 29. Rff1 f6 30. Bd3 Re5 31. Re2 b4 32. Ref2 f5 33. Rf4 Rb7 34. h4 Rbe7 35. h5 Re1 36. hxg6 hxg6 37. R4f3 Rxf1+ 38. Kxf1 Re5 39. Rg3 Kf6 40. Rh3 Kg7 41. Rg3 Bd7 42. Kf2 Be8 43. Rf3 Bd7 44. Rg3 Be8 45. Rf3 Bd7 1/2-1/2

[Event "CAN-op U1600 (Pinnacle 48th CAN Op Ch)"]
[Site "Toronto CAN"]
[Date "2011.07.14"]
[Round "6"]
[White "Termeer, Ted"]
[Black "Zhong, Joey"]
[Result "1/2-1/2"]
[WhiteElo "1403"]
[BlackElo "1123"]
[PlyCount "43"]
[GameId "2160767909707663"]
[EventDate "2011.07.09"]
[EventType "swiss"]
[EventRounds "9"]
[EventCountry "CAN"]
[SourceTitle "EXT 2022"]
[Source "ChessBase"]
[SourceDate "2021.10.06"]
[SourceVersion "1"]
[SourceVersionDate "2021.10.06"]
[SourceQuality "1"]

1. Nf3 Nf6 2. d4 d5 3. e3 e6 4. a3 c5 5. Bb5+ Bd7 6. Be2 Nc6 7. O-O cxd4 8. exd4 Bd6 9. Re1 O-O 10. Nbd2 Rc8 11. Nf1 Qc7 12. Ng3 Ne7 13. c3 Ng6 14. Bd3 Nf4 15. Bxf4 Bxf4 16. Qc2 Bxg3 17. hxg3 Qb6 18. Ne5 Bb5 19. Bxb5 Qxb5 20. f3 Nd7 21. Kh2 Nxe5 22. Rxe5 1/2-1/2